000 00644nam a2200193Ia 4500
003 GCL
008 140319s9999 xx 000 0 ara d
040 _aGCL /
_cGCL
082 0 4 _a915.311
_bب ر
100 1 _aبلنت، أن
245 1 0 _aرحلة الى نجد :
_bمهد العشائر العربية /
_cبلنت، أن
250 _aالاولى
260 _aسوريا :
_bدار المدى للثقافة والنشر ،
_c2005
300 _a431 ص ؛
_c24 سم
650 0 4 _aنجد - وصف ورحلات
650 0 4 _aنجد - القبائل العربية
650 0 4 _aالعشائر العربية - نجد
942 _2ddc
_cBK
999 _c8107
_d8107